| 000 | 00421nam a2200133Ia 4500 | ||
|---|---|---|---|
| 003 | GCL | ||
| 008 | 140319s9999 xx 000 0 ara d | ||
| 040 |
_aGCL / _cGCL |
||
| 082 | 0 | 4 |
_a333.82 _bم ا |
| 245 | 1 | 0 | _aاستخدامات عوائم النفض العربى حتى نهاية السبعينات |
| 260 |
_a[S.N] : _bمعهد البحوث والدراسات العربية ، _c1977 |
||
| 300 | _a212 ص | ||
| 490 | _a | ||
| 999 |
_c36319 _d36319 |
||